[Event "Take 5 2026.01 U1800"]
[Site "Montreal CAN"]
[Date "2026.01.11"]
[Round "5.11"]
[White "Gauvin, Mathieu"]
[Black "Harika, Rodolph"]
[Result "1-0"]
[WhiteElo "1363"]
[BlackElo "1334"]
[WhiteFideId "-1"]
[BlackFideId "-1"]
[PlyCount "109"]
[GameId "2267348061413455"]
[EventDate "2026.01.09"]
[EventType "swiss"]
[EventRounds "5"]
[EventCountry "CAN"]

1. e4 c5 2. Nf3 e6 3. d4 cxd4 4. Nxd4 Nf6 5. Nc3 Nc6 6. Ndb5 a6 7. Nd6+ Bxd6 8. Qxd6 Qe7 9. Bf4 e5 10. Qxe7+ Kxe7 11. Bg5 h6 12. Nd5+ Kd6 13. Bxf6 gxf6 14. O-O-O Rb8 15. Nxf6+ Ke6 16. Nd5 d6 17. Be2 Kd7 18. Bg4+ Kd8 19. Nf6 Bxg4 20. Nxg4 Ke7 21. Ne3 Rbc8 22. Nf5+ Kf8 23. Rxd6 Nb4 24. c3 Nc6 25. Rd7 b5 26. Nd6 Rd8 27. Rxf7+ Kg8 28. Rf6 Rh7 29. Nf5 Rc7 30. Rxc6 Rxc6 31. Ne7+ Kf7 32. Nxc6 Rc8 33. Nxe5+ Ke6 34. f4 b4 35. c4 a5 36. b3 Rb8 37. g3 a4 38. Nc6 axb3 39. axb3 Ra8 40. Kb2 Ra6 41. Nxb4 Rd6 42. Nd5 h5 43. Ra1 h4 44. c5 Rd8 45. Ra6+ Kf7 46. c6 hxg3 47. hxg3 Rc8 48. c7 Ke8 49. Rb6 Kd7 50. Rb8 Kd6 51. Rxc8 Kc6 52. Rh8 Kd6 53. c8=R Ke6 54. Rh6+ Kd7 55. Rc7+ 1-0

[Event "Take 5 2026.01 U1800"]
[Site "Montreal CAN"]
[Date "2026.01.11"]
[Round "5.12"]
[White "Gauthier, Luc"]
[Black "Ouageunouni, Chakib"]
[Result "1-0"]
[WhiteElo "1496"]
[BlackElo "1272"]
[WhiteFideId "-1"]
[BlackFideId "-1"]
[PlyCount "155"]
[GameId "2267348061413456"]
[EventDate "2026.01.09"]
[EventType "swiss"]
[EventRounds "5"]
[EventCountry "CAN"]

1. e4 c5 2. Nc3 e6 3. f4 Nc6 4. Nf3 Nge7 5. g3 d5 6. d3 d4 7. Nb1 g6 8. Bg2 a6 9. a4 Bg7 10. O-O O-O 11. Nbd2 Na5 12. b3 Nec6 13. e5 b6 14. Ne4 Rb8 15. Nfd2 Bb7 16. Nd6 Ba8 17. N2e4 Nb7 18. Nc4 Nb4 19. f5 exf5 20. Bg5 Qc7 21. Nf6+ Kh8 22. Bf4 Qd8 23. Qd2 Rc8 24. Bg5 Na5 25. Nxh7 Nxc4 26. bxc4 f6 27. Bxf6 Bxf6 28. Nxf6 Kg7 29. c3 dxc3 30. Qxc3 Qd4+ 31. Qxd4 cxd4 32. Bxa8 Rxa8 33. Nd7 Rae8 34. Nxf8 Rxf8 35. Rad1 Re8 36. Rfe1 Re6 37. h4 Nc6 38. Kf1 Nxe5 39. Rd2 Kf6 40. Rde2 a5 41. Kg2 Re7 42. Rb1 Re6 43. Rb5 Nxd3 44. Rxe6+ Kxe6 45. Rxb6+ Ke5 46. Rxg6 Nb2 47. c5 d3 48. Rd6 Nxa4 49. Rxd3 Nxc5 50. Ra3 a4 51. Kf3 Kf6 52. Rc3 Ne4 53. Rc6+ Ke5 54. Ra6 Nc5 55. Ra5 Kd4 56. h5 Kc4 57. h6 Kb4 58. Rxa4+ Kxa4 59. h7 Ne6 60. h8=Q Kb4 61. Qb8+ Kc4 62. Qc8+ Kd5 63. Qb7+ Ke5 64. Qb5+ Kf6 65. Qb2+ Kg6 66. Qe5 Ng5+ 67. Ke3 Nh7 68. Kf4 Nf6 69. Qxf5+ Kg7 70. g4 Ng8 71. g5 Kh8 72. Qf7 Nh6 73. Qf8+ Ng8 74. Kf5 Kh7 75. Qf7+ Kh8 76. Qa7 Ne7+ 77. Qxe7 Kg8 78. Kg6 1-0

[Event "Take 5 2026.01 U1800"]
[Site "Montreal CAN"]
[Date "2026.01.11"]
[Round "5.13"]
[White "Lebon, Guillaume"]
[Black "Rebhi, Mohamed"]
[Result "1-0"]
[WhiteElo "1413"]
[BlackElo "1395"]
[WhiteFideId "-1"]
[BlackFideId "-1"]
[PlyCount "63"]
[GameId "2267348061417553"]
[EventDate "2026.01.09"]
[EventType "swiss"]
[EventRounds "5"]
[EventCountry "CAN"]

1. e4 e5 2. Nf3 Nc6 3. d4 exd4 4. Nxd4 Nxd4 5. Qxd4 Ne7 6. Bf4 d6 7. Nc3 Bd7 8. Be2 Nc6 9. Qd2 g6 10. O-O-O Bg7 11. h4 h5 12. f3 Qe7 13. Nd5 Qd8 14. Bg5 f6 15. Be3 Be6 16. Bb5 a6 17. Ba4 b5 18. Bb3 Qd7 19. Nxc7+ Qxc7 20. Bxe6 Ke7 21. Bf4 Rad8 22. Bb3 Ne5 23. Qd5 Qd7 24. Bxe5 Rhf8 25. Bf4 a5 26. a3 a4 27. Ba2 g5 28. hxg5 fxg5 29. Bxg5+ Bf6 30. Rxh5 Bxg5+ 31. Qxg5+ Ke8 32. Qg6+ 1-0

[Event "Take 5 2026.01 U1800"]
[Site "Montreal CAN"]
[Date "2026.01.11"]
[Round "5.9"]
[White "Coquilla, Konner-Virgo"]
[Black "Gamache, Lucien"]
[Result "0-1"]
[WhiteElo "1137"]
[BlackElo "1591"]
[WhiteFideId "-1"]
[BlackFideId "-1"]
[PlyCount "62"]
[GameId "2267348061421652"]
[EventDate "2026.01.09"]
[EventType "swiss"]
[EventRounds "5"]
[EventCountry "CAN"]

1. d4 d5 2. Nf3 Nf6 3. c4 e6 4. g3 Be7 5. Bg2 O-O 6. O-O Nbd7 7. b3 c6 8. Bb2 Qc7 9. Nc3 dxc4 10. bxc4 e5 11. d5 Rd8 12. Qb3 Nc5 13. Qd1 e4 14. Nd2 cxd5 15. cxd5 Nxd5 16. Ncxe4 Nxe4 17. Bxe4 Nf6 18. Bd3 Bg4 19. Rc1 Qa5 20. Nc4 Qh5 21. Qc2 Rac8 22. Qb1 Bc5 23. Bxf6 gxf6 24. Qxb7 Bxe2 25. Bxe2 Qxe2 26. Qb3 Rd3 27. Qc2 Qf3 28. Na5 h5 29. Nb3 h4 30. Nxc5 h3 31. Qxd3 Qg2# 0-1

[Event "Take 5 2026.02"]
[Site "Montreal CAN"]
[Date "2026.02.13"]
[Round "1.1"]
[White "Robillard, Guillaume"]
[Black "Chiku-Ratte, Olivier-Kenta"]
[Result "0-1"]
[WhiteElo "1701"]
[BlackElo "2402"]
[WhiteFideId "-1"]
[BlackFideId "-1"]
[PlyCount "50"]
[GameId "2281092406833667"]
[EventDate "2026.02.13"]
[EventType "swiss"]
[EventRounds "5"]
[EventCountry "CAN"]

1. e4 c5 2. Nf3 e6 3. d4 cxd4 4. Nxd4 Nc6 5. Nc3 Nf6 6. g3 Qb6 7. Nb3 Bb4 8. Bg2 Qa6 9. Bd2 O-O 10. a3 Be7 11. Be3 Ne5 12. Bf1 Qc6 13. Nd4 Qc7 14. Ncb5 Qa5+ 15. b4 Qd8 16. Bg2 Nc4 17. Bc1 d5 18. exd5 Nxd5 19. Qe2 a6 20. Qxc4 axb5 21. Nxb5 Bd7 22. Bb2 Rc8 23. Qe2 Bxb5 24. Qxb5 Rxc2 25. Bc1 Nc3 0-1

[Event "Take 5 2026.02"]
[Site "Montreal CAN"]
[Date "2026.02.13"]
[Round "1.2"]
[White "Kraiouchkine, Nikita"]
[Black "Kolodner, Garry"]
[Result "1/2-1/2"]
[WhiteElo "2240"]
[BlackElo "1680"]
[WhiteFideId "-1"]
[BlackFideId "-1"]
[PlyCount "99"]
[GameId "2281092406837764"]
[EventDate "2026.02.13"]
[EventType "swiss"]
[EventRounds "5"]
[EventCountry "CAN"]

1. e4 c5 2. Nf3 e6 3. d4 cxd4 4. Nxd4 Nc6 5. Nc3 Nf6 6. Nxc6 dxc6 7. Qxd8+ Kxd8 8. Bf4 Bb4 9. O-O-O+ Bd7 10. f3 Re8 11. Be5 Re7 12. Na4 Ne8 13. a3 Ba5 14. Nc5 Kc8 15. b4 Bb6 16. Nxd7 Rxd7 17. Be2 f6 18. Bb2 Be3+ 19. Kb1 Kc7 20. Rxd7+ Kxd7 21. e5 Ke7 22. exf6+ gxf6 23. Bd3 h5 24. Re1 Bf2 25. Re2 Bg1 26. h4 Kf7 27. g4 Ng7 28. g5 fxg5 29. hxg5 Rf8 30. Bh7 Re8 31. g6+ Kf8 32. Rd2 e5 33. f4 Be3 34. Rd7 Re7 35. Rxe7 Kxe7 36. Bxe5 Kf8 37. Bd6+ Ke8 38. Bg8 h4 39. Bc4 h3 40. Bf1 h2 41. Bg2 Nf5 42. Be5 Ng3 43. f5 h1=Q+ 44. Bxh1 Nxh1 45. f6 Bg5 46. f7+ Kf8 47. Bd6+ Be7 48. g7+ Kxf7 49. Bxe7 Ng3 50. Bc5 1/2-1/2

[Event "Take 5 2026.02"]
[Site "Montreal CAN"]
[Date "2026.02.13"]
[Round "1.3"]
[White "Goldner, John"]
[Black "Turcotte, Jonathan"]
[Result "1-0"]
[WhiteElo "1568"]
[BlackElo "1995"]
[WhiteFideId "-1"]
[BlackFideId "-1"]
[PlyCount "73"]
[GameId "2281092406841861"]
[EventDate "2026.02.13"]
[EventType "swiss"]
[EventRounds "5"]
[EventCountry "CAN"]

1. e4 c6 2. d4 d5 3. e5 Bf5 4. h4 h5 5. c4 e6 6. Nc3 dxc4 7. Bxc4 Nd7 8. Be3 Be7 9. g3 Nh6 10. f3 Bh7 11. Nge2 Nf5 12. Bf2 a5 13. a4 Nb6 14. Bb3 Rc8 15. Nf4 Bg8 16. Rc1 Bb4 17. Kf1 g5 18. hxg5 Bxc3 19. Rxc3 Qxg5 20. Qe1 Rd8 21. Rd3 h4 22. Ne2 Nd5 23. Bxd5 Rxd5 24. g4 h3 25. Nc3 Ne7 26. Ne4 Qg6 27. Nf6+ Kf8 28. Rb3 b5 29. Nxd5 Nxd5 30. axb5 cxb5 31. Rxb5 Nf4 32. Qe4 Qh6 33. Be3 h2 34. Qxf4 Qh3+ 35. Kf2 Qh4+ 36. Ke2 Bh7 37. Qf6 1-0

[Event "Take 5 2026.02"]
[Site "Montreal CAN"]
[Date "2026.02.13"]
[Round "1.4"]
[White "Iordanescu, Victor Nicolae"]
[Black "Sairam, Amudan"]
[Result "1-0"]
[WhiteElo "1932"]
[BlackElo "1557"]
[WhiteFideId "-1"]
[BlackFideId "-1"]
[PlyCount "98"]
[GameId "2281092406850054"]
[EventDate "2026.02.13"]
[EventType "swiss"]
[EventRounds "5"]
[EventCountry "CAN"]

1. Nf3 d5 2. e3 c5 3. c4 d4 4. b4 dxe3 5. fxe3 cxb4 6. d4 e6 7. Bd3 Nc6 8. O-O Nf6 9. Bb2 Be7 10. e4 O-O 11. e5 Ne8 12. d5 Bc5+ 13. Kh1 Na5 14. Nbd2 f5 15. exf6 Nxf6 16. Bxf6 gxf6 17. Ne4 b6 18. Nxc5 bxc5 19. Nh4 f5 20. Qh5 Qf6 21. dxe6 Bxe6 22. Nxf5 Bxf5 23. Bxf5 Qg7 24. Be6+ Kh8 25. Qxc5 Nb7 26. Qg1 a5 27. Bd5 Rac8 28. Qb6 Nc5 29. Rad1 Nd3 30. Qe3 Nb2 31. Rde1 Rf6 32. Qe8+ Rf8 33. Rxf8+ Qxf8 34. Qh5 Nd3 35. Be4 Nf2+ 36. Kg1 Nxe4 37. Rxe4 Qc5+ 38. Qxc5 Rxc5 39. Kf2 Kg7 40. Ke3 Kf6 41. Kd4 Rc8 42. c5 Rd8+ 43. Kc4 Rd2 44. Kb3 Rxg2 45. c6 Rg5 46. c7 Rg8 47. Ka4 Rc8 48. Rc4 Ke6 49. Kxa5 Kd7 1-0

[Event "Take 5 2026.02"]
[Site "Montreal CAN"]
[Date "2026.02.13"]
[Round "1.5"]
[White "Nguyen, Marc"]
[Black "Qi, Jason"]
[Result "0-1"]
[WhiteElo "1511"]
[BlackElo "1922"]
[WhiteFideId "-1"]
[BlackFideId "-1"]
[PlyCount "122"]
[GameId "2281092406850055"]
[EventDate "2026.02.13"]
[EventType "swiss"]
[EventRounds "5"]
[EventCountry "CAN"]

1. e4 c5 2. d4 cxd4 3. Qxd4 Nc6 4. Qa4 Nf6 5. Bd3 g6 6. Nf3 d6 7. c3 Bg7 8. h3 O-O 9. Be3 Bd7 10. Qd1 Qc7 11. Na3 Ne5 12. Nxe5 dxe5 13. O-O Rfd8 14. Qc2 Bc6 15. f3 Nh5 16. Rfd1 Nf4 17. Nb5 Qb8 18. Bxf4 exf4 19. a4 a6 20. Na3 b5 21. a5 Qa7+ 22. Qf2 Be5 23. Qxa7 Rxa7 24. Nc2 Rad7 25. Nb4 Bb7 26. Be2 Rxd1+ 27. Rxd1 Rxd1+ 28. Bxd1 Bc7 29. Nd3 Bxa5 30. Nxf4 Bb6+ 31. Kf1 Kg7 32. Bb3 e6 33. Ke2 Kf6 34. Nd3 h5 35. h4 Kg7 36. c4 Bd4 37. Ba2 Kf6 38. b3 g5 39. g3 g4 40. Bb1 bxc4 41. bxc4 e5 42. Nb4 gxf3+ 43. Kxf3 Bc8 44. Bd3 Bg4+ 45. Kg2 a5 46. Nc6 a4 47. Nb4 a3 48. Bc2 Ke6 49. Bb3 Kd6 50. Kf1 Bf3 51. Nc2 Bd1 52. Nxd4 exd4 53. c5+ Kxc5 54. Bxf7 Kb4 55. e5 Bb3 56. Bxb3 Kxb3 57. e6 a2 58. e7 a1=Q+ 59. Kg2 Qa8+ 60. Kf2 Qe8 61. Kf3 Qxe7 0-1

[Event "Take 5 2026.02"]
[Site "Montreal CAN"]
[Date "2026.02.13"]
[Round "1.6"]
[White "Duval, Mathieu"]
[Black "Wolsen Trudeau, Izaak"]
[Result "1-0"]
[WhiteElo "1899"]
[BlackElo "1468"]
[WhiteFideId "-1"]
[BlackFideId "-1"]
[PlyCount "109"]
[GameId "2281092406854152"]
[EventDate "2026.02.13"]
[EventType "swiss"]
[EventRounds "5"]
[EventCountry "CAN"]

1. d4 d5 2. c4 e6 3. Nc3 Nf6 4. cxd5 exd5 5. Bg5 Be7 6. e3 O-O 7. Bd3 c6 8. Nf3 Bg4 9. Qc2 h6 10. Bh4 Nbd7 11. Nd2 Ne8 12. Bg3 Bd6 13. f3 Be6 14. Ne2 Bxg3+ 15. hxg3 f5 16. Nf4 Qe7 17. O-O-O Qf7 18. g4 Nd6 19. Rh5 g5 20. Nxe6 Qxe6 21. Rdh1 Rf6 22. gxf5 Qxe3 23. Rxh6 Rxh6 24. Rxh6 Nf7 25. Rg6+ Kf8 26. Qc3 a5 27. Re6 Qg1+ 28. Kc2 Rc8 29. Bf1 c5 30. Bb5 Nb8 31. dxc5 Na6 32. Bxa6 Rxc5 33. Bc4 dxc4 34. Qe3 Qxe3 35. Rxe3 b5 36. g4 Kg7 37. Re6 Rd5 38. Rg6+ Kf8 39. Ra6 a4 40. Ra8+ Kg7 41. Ne4 Nd8 42. Ra7+ Kf8 43. Nxg5 Kg8 44. Ne4 Rd3 45. f4 Nc6 46. Ra8+ Kf7 47. Ng5+ Ke7 48. f6+ Kd7 49. f7 Nb4+ 50. Kc1 Nxa2+ 51. Kb1 Nb4 52. Rd8+ Kc7 53. Rxd3 cxd3 54. f8=Q Nc6 55. Ne6+ 1-0

[Event "Take 5 2026.02"]
[Site "Montreal CAN"]
[Date "2026.02.13"]
[Round "1.7"]
[White "Bertrand, Brice"]
[Black "Kiryakov, Marin"]
[Result "0-1"]
[WhiteElo "1393"]
[BlackElo "1824"]
[WhiteFideId "-1"]
[BlackFideId "-1"]
[PlyCount "58"]
[GameId "2281092406858249"]
[EventDate "2026.02.13"]
[EventType "swiss"]
[EventRounds "5"]
[EventCountry "CAN"]

1. c4 c5 2. g3 g6 3. Nc3 Bg7 4. Bg2 Nc6 5. e4 Nf6 6. Nge2 O-O 7. d3 Ne8 8. O-O Nc7 9. Be3 Ne6 10. Qd2 Ned4 11. f4 d6 12. Rab1 f5 13. a3 a5 14. Nb5 Rb8 15. Nbxd4 cxd4 16. Bf2 fxe4 17. dxe4 e5 18. Qd3 a4 19. c5 Be6 20. Rbc1 dxc5 21. Rxc5 Qb6 22. Qb5 Qxb5 23. Rxb5 Bc4 24. Rc5 Bxe2 25. Re1 d3 26. Bf1 d2 27. Rb1 d1=Q 28. Rxd1 Bxd1 29. Bb5 exf4 0-1

[Event "Take 5 2026.02"]
[Site "Montreal CAN"]
[Date "2026.02.13"]
[Round "1.8"]
[White "Ivanov Yuan, Maksim"]
[Black "Bozkurt, Berk"]
[Result "1-0"]
[WhiteElo "1704"]
[BlackElo "1351"]
[WhiteFideId "-1"]
[BlackFideId "-1"]
[PlyCount "93"]
[GameId "2281092406862346"]
[EventDate "2026.02.13"]
[EventType "swiss"]
[EventRounds "5"]
[EventCountry "CAN"]

1. e4 c6 2. d4 d5 3. exd5 cxd5 4. c4 Nf6 5. Nc3 g6 6. Nf3 Bg4 7. c5 Nc6 8. Be3 Bg7 9. Bb5 a6 10. Ba4 O-O 11. h3 Bxf3 12. Qxf3 e6 13. O-O Nd7 14. Rad1 Rc8 15. Qe2 Qa5 16. a3 b5 17. Bc2 b4 18. axb4 Qxb4 19. Ba4 Rfd8 20. Qxa6 Ndb8 21. Qb5 Rc7 22. Qxb4 Nxb4 23. Nb5 Rb7 24. Bd2 N4c6 25. Bc3 Bf8 26. b4 f6 27. f4 Ne7 28. g4 f5 29. Rfe1 fxg4 30. hxg4 h5 31. gxh5 gxh5 32. Nd6 Ra7 33. Ra1 Nf5 34. Nxf5 exf5 35. Kf2 Rg7 36. Rg1 Kf7 37. Rxg7+ Bxg7 38. c6 Rc8 39. b5 Bf6 40. Bb3 Ke6 41. Kf3 h4 42. Re1+ Kd6 43. Bb4+ Kc7 44. Bc5 Rg8 45. Bxd5 Rg3+ 46. Kf2 Rd3 47. b6+ 1-0

[Event "Take 5 2026.02"]
[Site "Montreal CAN"]
[Date "2026.02.14"]
[Round "2.1"]
[White "Kiryakov, Marin"]
[Black "Iordanescu, Victor Nicolae"]
[Result "0-1"]
[WhiteElo "1824"]
[BlackElo "1932"]
[WhiteFideId "-1"]
[BlackFideId "-1"]
[PlyCount "84"]
[GameId "2281092406862347"]
[EventDate "2026.02.13"]
[EventType "swiss"]
[EventRounds "5"]
[EventCountry "CAN"]

1. e4 c5 2. Nf3 Nc6 3. Bb5 g6 4. Bxc6 dxc6 5. d3 Bg7 6. h3 e5 7. O-O Ne7 8. a4 a5 9. Na3 Qc7 10. Bd2 O-O 11. Qc1 f6 12. Bh6 Be6 13. Bxg7 Kxg7 14. b3 b6 15. Nd2 g5 16. Nac4 Ng6 17. Ne3 Nf4 18. Re1 h5 19. Ndf1 Rh8 20. Ng3 Rag8 21. Ngf5+ Kg6 22. h4 Nd5 23. hxg5 Nxe3 24. Rxe3 fxg5 25. Rg3 Kf6 26. Qe3 h4 27. Rg4 Qd7 28. Re1 Bxf5 29. Qf3 h3 30. exf5 hxg2 31. Kxg2 Rh4 32. Rg3 Rgh8 33. c3 Rf4 34. Qe3 Qd5+ 35. Kf1 Rh1+ 36. Ke2 Rxe1+ 37. Kxe1 Qxb3 38. d4 Qb1+ 39. Kd2 cxd4 40. cxd4 Rxd4+ 41. Kc3 Qa1+ 42. Kc2 Rc4+ 0-1

[Event "Take 5 2026.02"]
[Site "Montreal CAN"]
[Date "2026.02.14"]
[Round "2.10"]
[White "Wolsen Trudeau, Izaak"]
[Black "Nguyen, Marc"]
[Result "1-0"]
[WhiteElo "1468"]
[BlackElo "1511"]
[WhiteFideId "-1"]
[BlackFideId "-1"]
[PlyCount "75"]
[GameId "2281092406866444"]
[EventDate "2026.02.13"]
[EventType "swiss"]
[EventRounds "5"]
[EventCountry "CAN"]

1. e4 e5 2. Nf3 Nc6 3. Bc4 Bc5 4. O-O Nf6 5. d3 h6 6. c3 d6 7. h3 O-O 8. Be3 Bb6 9. Nbd2 Na5 10. Bb5 Bd7 11. Bxd7 Qxd7 12. a4 Bxe3 13. fxe3 Nc6 14. c4 Nb4 15. Nb1 a5 16. Nc3 c6 17. d4 Rfe8 18. Re1 Qc7 19. Rc1 Rad8 20. d5 Nd7 21. Qe2 Nc5 22. Rcd1 Qc8 23. Rf1 f5 24. exf5 Qxf5 25. e4 Qg6 26. Nh4 Qg5 27. Nf5 Nb3 28. Rf3 g6 29. Rg3 Nc1 30. Qf3 Qf4 31. Rxg6+ Kf8 32. Rf6+ Kg8 33. Nxh6+ Kg7 34. Rxf4 exf4 35. Qxf4 Ncd3 36. Qg5+ Kh7 37. Nf5 Rd7 38. Qh5+ 1-0

[Event "Take 5 2026.02"]
[Site "Montreal CAN"]
[Date "2026.02.14"]
[Round "2.2"]
[White "Qi, Jason"]
[Black "Ivanov Yuan, Maksim"]
[Result "1/2-1/2"]
[WhiteElo "1922"]
[BlackElo "1704"]
[WhiteFideId "-1"]
[BlackFideId "-1"]
[PlyCount "97"]
[GameId "2281092406866445"]
[EventDate "2026.02.13"]
[EventType "swiss"]
[EventRounds "5"]
[EventCountry "CAN"]

1. e4 e5 2. Nf3 Nc6 3. Bb5 a6 4. Ba4 Nf6 5. O-O b5 6. Bb3 Bc5 7. c3 d6 8. a4 Rb8 9. d4 Bb6 10. a5 Ba7 11. h3 h6 12. Be3 exd4 13. cxd4 Ne7 14. Qc2 Bb7 15. Nbd2 O-O 16. Rfc1 Rc8 17. d5 Bxe3 18. fxe3 c5 19. Qd1 Ng6 20. Qe1 Nd7 21. Bc2 Re8 22. g4 Nde5 23. Qg3 Qf6 24. b3 Nxf3+ 25. Nxf3 Ne5 26. Rf1 Nxf3+ 27. Qxf3 Qxf3 28. Rxf3 Re5 29. Raf1 f6 30. Rf5 Rce8 31. Rxe5 Rxe5 32. Rf5 Bc8 33. Rxe5 fxe5 34. Kg2 Kf7 35. Bd3 Kf6 36. Kg3 Bd7 37. Be2 Be8 38. Bd3 Bg6 39. Kf3 Be8 40. Kg3 g5 41. Kf3 Ke7 42. Ke2 Kd7 43. Kd2 Kc7 44. Kc2 Kb7 45. b4 Bg6 46. Kc3 c4 47. Bc2 Kc7 48. Kd2 h5 49. Ke1 1/2-1/2

[Event "Take 5 2026.02"]
[Site "Montreal CAN"]
[Date "2026.02.14"]
[Round "2.3"]
[White "Coquilla, Konner-Virgo"]
[Black "Duval, Mathieu"]
[Result "0-1"]
[WhiteElo "1296"]
[BlackElo "1899"]
[WhiteFideId "-1"]
[BlackFideId "-1"]
[PlyCount "94"]
[GameId "2281092406866446"]
[EventDate "2026.02.13"]
[EventType "swiss"]
[EventRounds "5"]
[EventCountry "CAN"]

1. d4 Nf6 2. c4 e6 3. Nc3 d5 4. Bg5 c6 5. e3 Nbd7 6. Nf3 Qa5 7. cxd5 Nxd5 8. Qb3 Nxc3 9. bxc3 b6 10. Bc4 Be7 11. Bf4 Ba6 12. O-O Bxc4 13. Qxc4 Qd5 14. Qd3 O-O 15. e4 Qa5 16. Rad1 Rfd8 17. c4 b5 18. Qc2 bxc4 19. Qxc4 Nb6 20. Qxc6 Rac8 21. Bc7 Bd6 22. Qxd6 Rxd6 23. Bxd6 Qxa2 24. Ra1 Qc2 25. Rxa7 Qxe4 26. Ng5 Qxd4 27. Nxf7 Nd5 28. Rb7 Nf4 29. Bxf4 Qxf4 30. g3 Qd4 31. h4 h6 32. Re1 Rf8 33. Rxe6 Qd1+ 34. Kh2 Qc2 35. Kg2 Rxf7 36. Rxf7 Kxf7 37. Re3 Kg6 38. Re5 Kf6 39. Ra5 Qc3 40. Ra2 Kf5 41. Re2 Qc6+ 42. Kh2 Kg4 43. Rd2 Kf3 44. Rd1 Qc2 45. Rf1 Qe2 46. Kg1 h5 47. g4 Qe6 0-1

[Event "Take 5 2026.02"]
[Site "Montreal CAN"]
[Date "2026.02.14"]
[Round "2.4"]
[White "Sambuev, Bator"]
[Black "Goldner, John"]
[Result "1-0"]
[WhiteElo "1543"]
[BlackElo "1568"]
[WhiteFideId "-1"]
[BlackFideId "-1"]
[PlyCount "61"]
[GameId "2281092406870543"]
[EventDate "2026.02.13"]
[EventType "swiss"]
[EventRounds "5"]
[EventCountry "CAN"]

1. d4 Nf6 2. c4 c5 3. d5 b5 4. cxb5 a6 5. e3 e6 6. dxe6 fxe6 7. Nf3 Be7 8. Nbd2 d5 9. b3 O-O 10. Bb2 axb5 11. Bxb5 Ba6 12. Bxa6 Nxa6 13. O-O Nb4 14. Qb1 Nd7 15. e4 Ra6 16. a3 Nc6 17. exd5 exd5 18. Qd3 Rb6 19. Qxd5+ Kh8 20. Nc4 Ra6 21. Rad1 Ncb8 22. Nfe5 Nxe5 23. Qxe5 Bf6 24. Rxd8 Rxd8 25. Qxc5 Rc6 26. Qa5 Rf8 27. Bxf6 Rcxf6 28. Ne5 Rf5 29. Qc3 Re8 30. f4 Ref8 31. g3 1-0

[Event "Take 5 2026.02"]
[Site "Montreal CAN"]
[Date "2026.02.14"]
[Round "2.5"]
[White "Fiset, Anais Chloe"]
[Black "Kraiouchkine, Nikita"]
[Result "0-1"]
[WhiteElo "1904"]
[BlackElo "2243"]
[WhiteFideId "-1"]
[BlackFideId "-1"]
[PlyCount "112"]
[GameId "2281092406874640"]
[EventDate "2026.02.13"]
[EventType "swiss"]
[EventRounds "5"]
[EventCountry "CAN"]

1. c4 c5 2. g3 Nc6 3. Bg2 g6 4. Nc3 Bg7 5. Nf3 e6 6. d4 cxd4 7. Nb5 d5 8. cxd5 Qa5+ 9. Nd2 Qxb5 10. a4 Qb4 11. dxc6 Ne7 12. b3 bxc6 13. Ba3 Qb7 14. Bxe7 Kxe7 15. Qc1 Qc7 16. Ra2 Bb7 17. O-O Rhd8 18. Qc5+ Qd6 19. Qxd6+ Rxd6 20. Nc4 Rd7 21. Na5 Rc8 22. Rc2 Ba6 23. Rfc1 d3 24. exd3 Bxd3 25. Rxc6 Rxc6 26. Nxc6+ Kf8 27. Rd1 Ke8 28. Ne5 Bxe5 29. Bc6 Ke7 30. Bxd7 Bc2 31. Rd2 Bxb3 32. Bc6 a5 33. Rd7+ Kf8 34. f4 Bf6 35. Kf2 g5 36. Ke3 gxf4+ 37. gxf4 Bc4 38. Bb5 Bd5 39. Kd3 Be7 40. Kd4 Ba3 41. Ra7 Bb4 42. f5 h5 43. f6 Ba3 44. Kc3 Bd6 45. Be2 h4 46. Bh5 Bxh2 47. Rxf7+ Kg8 48. Rg7+ Kf8 49. Kd4 h3 50. Rg4 Bd6 51. Rh4 h2 52. Bg4 Kf7 53. Rh6 h1=Q 54. Bh5+ Kg8 55. f7+ Kg7 56. Rg6+ Kh7 0-1

[Event "Take 5 2026.02"]
[Site "Montreal CAN"]
[Date "2026.02.14"]
[Round "2.6"]
[White "Lopez Linares, Lizandro"]
[Black "Gamache, Lucien"]
[Result "1/2-1/2"]
[WhiteElo "2030"]
[BlackElo "1628"]
[WhiteFideId "-1"]
[BlackFideId "-1"]
[PlyCount "146"]
[GameId "2281092406874641"]
[EventDate "2026.02.13"]
[EventType "swiss"]
[EventRounds "5"]
[EventCountry "CAN"]

1. d4 d5 2. Nf3 Nf6 3. c4 e6 4. Nc3 Be7 5. Bg5 O-O 6. e3 Nbd7 7. Rc1 c6 8. Bd3 dxc4 9. Bxc4 b5 10. Bd3 Bb7 11. O-O a6 12. Bxf6 Nxf6 13. Ne4 Nxe4 14. Bxe4 Rc8 15. Ne5 Qd6 16. Qf3 Qb4 17. Rc2 Qa5 18. b3 Bf6 19. Nxc6 Bxc6 20. Bxc6 Rc7 21. Rfc1 Rfc8 22. d5 exd5 23. Qxd5 g6 24. g3 Bg7 25. Kg2 Qb6 26. h4 h5 27. Qe4 Bf8 28. Bd5 Rxc2 29. Rxc2 Rxc2 30. Qxc2 b4 31. Qc8 Qa7 32. g4 hxg4 33. Qxg4 Qb6 34. h5 Kg7 35. Be4 Be7 36. hxg6 fxg6 37. Qd7 Qf6 38. Qb7 Qg5+ 39. Kf1 a5 40. Ke2 Qh5+ 41. Kd3 Qc5 42. Ke2 Qe5 43. Qc6 Qf6 44. Qd7 Qb2+ 45. Kf1 Qa1+ 46. Kg2 Qe5 47. Qd3 Qd6 48. Bd5 Bd8 49. Qe4 Qe7 50. Qc4 Qg5+ 51. Kf1 Qe7 52. Ke2 Qc7 53. Kd3 Qxc4+ 54. bxc4 Bb6 55. Bc6 Kf6 56. Ke4 Ke6 57. f4 Kf6 58. Be8 g5 59. fxg5+ Kxg5 60. Bd7 Kf6 61. Kf4 Ke7 62. Ba4 Ke6 63. Ke4 Ba7 64. Kd3 Ke5 65. Bc6 Bc5 66. e4 Ba7 67. Kc2 Kd4 68. Kb3 Bb6 69. Bd5 Bc7 70. Ka4 Kc5 71. Kb3 Kd4 72. a3 Bd6 73. axb4 axb4 1/2-1/2

[Event "Take 5 2026.02"]
[Site "Montreal CAN"]
[Date "2026.02.14"]
[Round "2.7"]
[White "Sun, Jonathan"]
[Black "Longpre, Martin"]
[Result "1-0"]
[WhiteElo "1961"]
[BlackElo "1594"]
[WhiteFideId "-1"]
[BlackFideId "-1"]
[PlyCount "65"]
[GameId "2281092406878738"]
[EventDate "2026.02.13"]
[EventType "swiss"]
[EventRounds "5"]
[EventCountry "CAN"]

1. e4 c6 2. d4 d5 3. exd5 cxd5 4. c4 Nf6 5. Nc3 e6 6. Nf3 Be7 7. cxd5 Nxd5 8. Bd3 Nd7 9. O-O O-O 10. a3 N7f6 11. Bc2 b6 12. Qd3 g6 13. Bh6 Re8 14. Ne5 Nxc3 15. bxc3 Bd7 16. Rfe1 Qc7 17. g4 Bf8 18. Bxf8 Rxf8 19. g5 Nd5 20. c4 Ne7 21. Ng4 Kg7 22. Qf3 Ng8 23. h4 Qxc4 24. Be4 Rad8 25. Nf6 h5 26. Rac1 Qa4 27. Rc7 Be8 28. Nxh5+ Kh7 29. Bxg6+ Kxg6 30. Rxe6+ Kh7 31. Qf5+ Kh8 32. Rh6+ Nxh6 33. Qf6+ 1-0

[Event "Take 5 2026.02"]
[Site "Montreal CAN"]
[Date "2026.02.14"]
[Round "2.8"]
[White "Kolodner, Garry"]
[Black "Turcotte, Jonathan"]
[Result "0-1"]
[WhiteElo "1680"]
[BlackElo "1995"]
[WhiteFideId "-1"]
[BlackFideId "-1"]
[PlyCount "78"]
[GameId "2281092406882835"]
[EventDate "2026.02.13"]
[EventType "swiss"]
[EventRounds "5"]
[EventCountry "CAN"]

1. e4 c5 2. Nf3 Nc6 3. d4 cxd4 4. Nxd4 g6 5. Be3 Nf6 6. Nc3 Bg7 7. f3 O-O 8. Qd2 d5 9. O-O-O Nxd4 10. Bxd4 dxe4 11. fxe4 Be6 12. h3 Qa5 13. a3 Rfd8 14. Qe3 Rxd4 15. Qxd4 Nd5 16. Qxg7+ Kxg7 17. exd5 Bd7 18. Be2 Rc8 19. Ne4 Bf5 20. Bd3 Qxd5 21. Nc3 Qa5 22. Bxf5 Qxf5 23. g4 Qf3 24. Nb1 Qg2 25. Nd2 e5 26. Rdg1 Qc6 27. c3 b5 28. Rh2 a5 29. Re2 b4 30. axb4 axb4 31. c4 b3 32. Re3 Qa4 33. Rc3 e4 34. Rgg3 Qa1+ 35. Nb1 Rc5 36. g5 Rf5 37. Rg1 Qa7 38. Re1 Rf3 39. h4 Qf2 0-1